000 00601 a2200217 4500
005 20260225100155.0
008 260224b |||||||| |||| 00| 0 eng d
020 _a9788130929958
_cRs. 495.00
040 _aMAIN
082 _a530.12
_bP273L
100 _aPathak, Anirban, ed.
245 _aLectures on quantum mechanics: Fundamentals and applications
260 _bViva Books
_c2019
_aNew Delhi
300 _aviii, 100
650 _aQuantum Mechanics
650 _aTheoretical Physics
650 _aWave Mechanics
650 _aAtomic Physics
700 _aGhatak, Ajoy, ed.
942 _cBK
999 _c396425
_d396425